Fr. Conceicao Rodrigues College of Engineering

Practical Semi- conductor Data Manual (Record no. 35332)

MARC details
000 -LEADER
fixed length control field 00319nam a2200133Ia 4500
082 ## - DEWEY DECIMAL CLASSIFICATION NUMBER
Classification number 621.3817304
100 ## - MAIN ENTRY--PERSONAL NAME
Personal name Jain G.C
245 ## - TITLE STATEMENT
Title Practical Semi- conductor Data Manual
260 ## - PUBLICATION, DISTRIBUTION, ETC.
Name of publisher, distributor, etc. Business promotion
Place of publication, distribution, etc. Delhi
Date of publication, distribution, etc. 1976
300 ## - PHYSICAL DESCRIPTION
Extent 276
546 ## - LANGUAGE NOTE
Language note ENGLISH
654 ## - SUBJECT ADDED ENTRY--FACETED TOPICAL TERMS
Focus term Semi - conductor Data Manual
942 ## - ADDED ENTRY ELEMENTS (KOHA)
Koha item type BOOK
Holdings
Withdrawn status Lost status Damaged status Not for loan Collection Home library Current library Shelving location Date acquired Source of acquisition Cost, normal purchase price Inventory number Total Checkouts Full call number Barcode Date last seen Cost, replacement price Price effective from Koha item type
        AFT Fr. Agnel's C.Rodrigues College of Engineering Fr. Agnel's C.Rodrigues College of Engineering   17/03/2023 UBS 25.00 T-1160   621.38173042 AFT3556 17/03/2023 25.00 17/03/2023 BOOK